<?xml version="1.0" encoding="UTF-8"?>
<record
    xmlns:xsi="http://www.w3.org/2001/XMLSchema-instance"
    xsi:schemaLocation="http://www.loc.gov/MARC21/slim http://www.loc.gov/standards/marcxml/schema/MARC21slim.xsd"
    xmlns="http://www.loc.gov/MARC21/slim">

  <leader>01977nam0a22003731  4500</leader>
  <controlfield tag="001">RU\NLR\INFOCOMM_41\5000247217</controlfield>
  <controlfield tag="005">20250613090313.0</controlfield>
  <datafield tag="035" ind1=" " ind2=" ">
    <subfield code="a">(NLR Aleph) 009062197</subfield>
  </datafield>
  <datafield tag="090" ind1=" " ind2=" ">
    <subfield code="a">7870551</subfield>
    <subfield code="c">7870551</subfield>
  </datafield>
  <datafield tag="100" ind1=" " ind2=" ">
    <subfield code="a">20081009d1979    |||y0rusy50      ca</subfield>
  </datafield>
  <datafield tag="101" ind1="0" ind2=" ">
    <subfield code="a">eng</subfield>
    <subfield code="d">rus</subfield>
  </datafield>
  <datafield tag="102" ind1=" " ind2=" ">
    <subfield code="a">RU</subfield>
  </datafield>
  <datafield tag="105" ind1=" " ind2=" ">
    <subfield code="a">a   z   000zy</subfield>
  </datafield>
  <datafield tag="200" ind1="1" ind2=" ">
    <subfield code="a">Hadron interaction at intermediate and high energies under the hypothesis of "black" or "almost black" constituent quarks</subfield>
    <subfield code="f">V. V. Anisovich, E. M. Levin, M. G. Ryskin</subfield>
  </datafield>
  <datafield tag="210" ind1=" " ind2=" ">
    <subfield code="a">L.</subfield>
    <subfield code="c">&#x41B;&#x418;&#x42F;&#x424;</subfield>
    <subfield code="d">1979</subfield>
  </datafield>
  <datafield tag="215" ind1=" " ind2=" ">
    <subfield code="a">24 &#x441;.</subfield>
    <subfield code="c">&#x438;&#x43B;.</subfield>
    <subfield code="d">20 &#x441;&#x43C;</subfield>
  </datafield>
  <datafield tag="225" ind1="1" ind2=" ">
    <subfield code="a">Academy of sciences of the USSR, Leningrad nuclear physics institute</subfield>
    <subfield code="v">472</subfield>
  </datafield>
  <datafield tag="300" ind1=" " ind2=" ">
    <subfield code="a">&#x41D;&#x430; &#x43E;&#x431;&#x43E;&#x440;&#x43E;&#x442;&#x435; &#x442;&#x438;&#x442;. &#x43B;.: &#x410;&#x434;&#x440;&#x43E;&#x43D;&#x43D;&#x44B;&#x435; &#x43F;&#x440;&#x43E;&#x446;&#x435;&#x441;&#x441;&#x44B; &#x43F;&#x440;&#x438; &#x441;&#x440;&#x435;&#x434;&#x43D;&#x438;&#x445; &#x438; &#x431;&#x43E;&#x43B;&#x44C;&#x448;&#x438;&#x445; &#x44D;&#x43D;&#x435;&#x440;&#x433;&#x438;&#x44F;&#x445; &#x432; &#x440;&#x430;&#x43C;&#x43A;&#x430;&#x445; &#x433;&#x438;&#x43F;&#x43E;&#x442;&#x435;&#x437;&#x44B; "&#x447;&#x435;&#x440;&#x43D;&#x44B;&#x445;" &#x438;&#x43B;&#x438; "&#x43F;&#x43E;&#x447;&#x442;&#x438; &#x447;&#x435;&#x440;&#x43D;&#x44B;&#x445;" &#x441;&#x43E;&#x441;&#x442;&#x430;&#x432;&#x43B;&#x44F;&#x44E;&#x449;&#x438;&#x445; &#x43A;&#x432;&#x430;&#x440;&#x43A;&#x43E;&#x432; / &#x412;. &#x412;. &#x410;&#x43D;&#x438;&#x441;&#x43E;&#x432;&#x438;&#x447;, &#x415;. &#x41C;. &#x41B;&#x435;&#x432;&#x438;&#x43D;, &#x41C;. &#x413;. &#x420;&#x44B;&#x441;&#x43A;&#x438;&#x43D;</subfield>
  </datafield>
  <datafield tag="300" ind1=" " ind2=" ">
    <subfield code="a">&#x41D;&#x430; &#x43E;&#x431;&#x43B;. &#x43D;&#x430;&#x434;&#x437;&#x430;&#x433;. &#x43D;&#x430; &#x440;&#x443;&#x441;. &#x44F;&#x437;.</subfield>
  </datafield>
  <datafield tag="300" ind1=" " ind2=" ">
    <subfield code="a">&#x420;&#x435;&#x437;. &#x43D;&#x430; &#x440;&#x443;&#x441;. &#x44F;&#x437;.</subfield>
  </datafield>
  <datafield tag="320" ind1=" " ind2=" ">
    <subfield code="a">&#x411;&#x438;&#x431;&#x43B;&#x438;&#x43E;&#x433;&#x440;.: &#x441;. 23-24</subfield>
  </datafield>
  <datafield tag="517" ind1="1" ind2=" ">
    <subfield code="a">&#x410;&#x434;&#x440;&#x43E;&#x43D;&#x43D;&#x44B;&#x435; &#x43F;&#x440;&#x43E;&#x446;&#x435;&#x441;&#x441;&#x44B; &#x43F;&#x440;&#x438; &#x441;&#x440;&#x435;&#x434;&#x43D;&#x438;&#x445; &#x438; &#x431;&#x43E;&#x43B;&#x44C;&#x448;&#x438;&#x445; &#x44D;&#x43D;&#x435;&#x440;&#x433;&#x438;&#x44F;&#x445; &#x432; &#x440;&#x430;&#x43C;&#x43A;&#x430;&#x445; &#x433;&#x438;&#x43F;&#x43E;&#x442;&#x435;&#x437;&#x44B; "&#x447;&#x435;&#x440;&#x43D;&#x44B;&#x445;" &#x438;&#x43B;&#x438; "&#x43F;&#x43E;&#x447;&#x442;&#x438; &#x447;&#x435;&#x440;&#x43D;&#x44B;&#x445;" &#x441;&#x43E;&#x441;&#x442;&#x430;&#x432;&#x43B;&#x44F;&#x44E;&#x449;&#x438;&#x445; &#x43A;&#x432;&#x430;&#x440;&#x43A;&#x43E;&#x432;</subfield>
  </datafield>
  <datafield tag="606" ind1=" " ind2=" ">
    <subfield code="a">&#x410;&#x434;&#x440;&#x43E;&#x43D;&#x43D;&#x44B;&#x435; &#x43F;&#x440;&#x43E;&#x446;&#x435;&#x441;&#x441;&#x44B;</subfield>
    <subfield code="x">&#x41C;&#x43E;&#x434;&#x435;&#x43B;&#x44C; &#x43A;&#x432;&#x430;&#x440;&#x43A;&#x43E;&#x432;</subfield>
    <subfield code="2">nlr_sh1</subfield>
  </datafield>
  <datafield tag="686" ind1=" " ind2=" ">
    <subfield code="a">&#x412;382.145</subfield>
    <subfield code="2">rubbk</subfield>
  </datafield>
  <datafield tag="700" ind1=" " ind2="1">
    <subfield code="4">070</subfield>
    <subfield code="7">ba</subfield>
    <subfield code="8">rus</subfield>
    <subfield code="a">Anisovi&#x10D;</subfield>
    <subfield code="b">V. V.</subfield>
    <subfield code="c">&#x434;-&#x440; &#x444;&#x438;&#x437;.-&#x43C;&#x430;&#x442;. &#x43D;&#x430;&#x443;&#x43A;, &#x444;&#x438;&#x437;&#x438;&#x43A;&#x430; &#x447;&#x430;&#x441;&#x442;&#x438;&#x446;</subfield>
    <subfield code="f">1932-</subfield>
    <subfield code="g">Vladimir Vladislavovi&#x10D;</subfield>
    <subfield code="9">238628</subfield>
    <subfield code="3">RU\NLR\AUTH\770238684</subfield>
  </datafield>
  <datafield tag="701" ind1=" " ind2="1">
    <subfield code="a">Levin</subfield>
    <subfield code="b">E. M.</subfield>
    <subfield code="f">1940-</subfield>
    <subfield code="g">Evgenij Markovi&#x10D;</subfield>
    <subfield code="4">070</subfield>
  </datafield>
  <datafield tag="701" ind1=" " ind2="1">
    <subfield code="a">Ryskin</subfield>
    <subfield code="b">M. G.</subfield>
    <subfield code="f">1947-</subfield>
    <subfield code="g">Michail Grigor'evi&#x10D;</subfield>
    <subfield code="4">070</subfield>
  </datafield>
  <datafield tag="790" ind1=" " ind2="1">
    <subfield code="9">z02700</subfield>
    <subfield code="a">Anisovich</subfield>
    <subfield code="b">V. V.</subfield>
    <subfield code="4">070</subfield>
  </datafield>
  <datafield tag="801" ind1=" " ind2="1">
    <subfield code="a">RU</subfield>
    <subfield code="b">NLR</subfield>
    <subfield code="c">20081009</subfield>
  </datafield>
  <datafield tag="801" ind1=" " ind2="0">
    <subfield code="a">RU</subfield>
    <subfield code="b">NLR</subfield>
    <subfield code="g">PSBO</subfield>
  </datafield>
  <datafield tag="852" ind1=" " ind2=" ">
    <subfield code="a">NLR</subfield>
    <subfield code="j">&#x424;&#x437;01 &#x414;-4/1092</subfield>
  </datafield>
  <datafield tag="942" ind1=" " ind2=" ">
    <subfield code="c">BOOK</subfield>
  </datafield>
  <datafield tag="980" ind1=" " ind2=" ">
    <subfield code="a">NB</subfield>
  </datafield>
  <datafield tag="995" ind1=" " ind2=" ">
    <subfield code="5">2013-10-26</subfield>
    <subfield code="b">NLR01</subfield>
    <subfield code="c">NLR01</subfield>
    <subfield code="e">IF</subfield>
    <subfield code="f">9062197-10</subfield>
    <subfield code="k">&#x424;&#x437;01 &#x414;-4/1092</subfield>
    <subfield code="o">0</subfield>
    <subfield code="r">BOOK</subfield>
    <subfield code="s">01_41092</subfield>
  </datafield>
</record>
